Central Library OPAC University of Rajshahi

হাদিস সংকলনের ইতিবৃত্ত / (Record no. 74101)

MARC details
000 -LEADER
fixed length control field 00986nam a2200253 a 4500
001 - CONTROL NUMBER
control field 74101
003 - CONTROL NUMBER IDENTIFIER
rucl marc code BD-RjUL
005 - DATE AND TIME OF LATEST TRANSACTION
control field 20211209082508.0
008 - FIXED-LENGTH DATA ELEMENTS--GENERAL INFORMATION
fixed length control field 180226r20142008bg ||||| b||| 000 0 ben d
020 ## - INTERNATIONAL STANDARD BOOK NUMBER
International Standard Book Number 9789842004148
Terms of availability Tk. 350.00
035 ## - SYSTEM CONTROL NUMBER
System control number (BD-RjUL)74319
040 ## - CATALOGING SOURCE
Original cataloging agency BD-RjUL
Language of cataloging eng
Transcribing agency BD-RjUL
041 ## - LANGUAGE CODE
Language code of text/sound track or separate title ben
082 ## - DEWEY DECIMAL CLASSIFICATION NUMBER
Edition number 23
Classification number 297.12509
Author mark and year SAH 2014
100 1# - MAIN ENTRY--PERSONAL NAME
Personal name সাইয়্যেদ, আহসান
9 (RLIN) 220278
245 10 - TITLE STATEMENT
Title হাদিস সংকলনের ইতিবৃত্ত /
Statement of responsibility, etc. আহসান সাইয়্যেদ,
250 ## - EDITION STATEMENT
Edition statement 2য় সংস্করণ
260 ## - PUBLICATION, DISTRIBUTION, ETC. (IMPRINT)
Place of publication, distribution, etc. ঢাকা :
Name of publisher, distributor, etc. অ্যাডন পাব. ,
Date of publication, distribution, etc. ২০০৮ (মুদ্রন ২০১৪)
300 ## - PHYSICAL DESCRIPTION
Pagination ২০৮ পৃ. ;
Size ২২ সেমি।
504 ## - BIBLIOGRAPHY, ETC. NOTE
Bibliography, etc গ্রন্থপঞ্জি সম্বলিত
650 ## - SUBJECT ADDED ENTRY--TOPICAL TERM
Topical term or geographic name as entry element হাদিস সংকলন
Form subdivision ইতিহাস
9 (RLIN) 220279
Topical term or geographic name as entry element Hadith compilation
Form subdivision history
9 (RLIN) 220280
942 ## - ADDED ENTRY ELEMENTS (KOHA)
Source of classification or shelving scheme Dewey Decimal Classification
Koha item type Books
Holdings
Lost status Source of classification or shelving scheme Damaged status Not for loan Collection code Permanent Location Current Location Shelving location Date acquired Source of acquisition Cost, normal purchase price Total Checkouts Full call number Date last seen Copy number Koha item type Date checked out
  Dewey Decimal Classification   Not For Loan Non-fiction Central Library, University of Rajshahi Central Library, University of Rajshahi Reading Room 23/03/2017 Rajshahi ; News home 350.00   B 297.12509 SAH 2014 26/02/2018 C-1 Books  
  Dewey Decimal Classification     Non-fiction Central Library, University of Rajshahi Central Library, University of Rajshahi   23/03/2017 Rajshahi ; News home 350.00 2 B 297.12509 SAH 2014 12/08/2018 C-2 Books 01/08/2018
  Dewey Decimal Classification     Non-fiction Central Library, University of Rajshahi Central Library, University of Rajshahi   23/03/2017 Rajshahi ; News home 350.00 1 B 297.12509 SAH 2014 09/06/2022 C-3 Books 25/05/2022